• 首页
  • 本馆介绍
  • 公告通知
  • 最新文献
  • 馆藏检索
  • 电子资源
  • 读者导购
  • 参考咨询
  • 我的图书馆
  • 登录
  • 详细信息显示
  • 放入我的书架
  • 预约/预借图书
  • 作者相关作品
  • 分类相关作品
  • 丛书相关作品
  • 出版社相关作品

书目信息

  • 表格格式
  • 工作单格式
  • 卡片格式
题名:
实用电工问答
    
 
作者: 李燕生 编著
分册:  
出版信息: 北京   金盾出版社  1993.4
页数: 446页
开本: 19cm
丛书名:
单 册:
中图分类: TM , TM0
科图分类:
主题词: 电工--问答 , 电工
电子资源:
ISBN: 7-80022-590-9
000 00739nam0 2200265 450
001 1560176483
005 20150130164448.31
010    @a7-80022-590-9@dCNY16.00
100    @a19930916d1993 em y0chiy0110 ea
101 0  @achi
102    @aCN@b110000
105    @ay z 000yy
200 1  @a实用电工问答@9shi yong dian gong wen da@f李燕生等编著
205    @a3版
210    @a北京@c金盾出版社@d1993.4
215    @a446页@d19cm
330    @a本书内容共分为:电工基本知识、常用电工仪表的使用、电气照明等7部分。
517 1  @a电工问答@9dian gong wen da
606 0  @a电工@x问答
606 0  @a电工
690    @aTM@v三版
690    @aTM0@v4
701  0 @a李燕生@9li yan sheng@4编著
801  0 @aCN@bTSSF@c20150130
905    @aZUCC@dTM0@eJY3
    
    实用电工问答/李燕生等编著.-3版.-北京:金盾出版社,1993.4
    446页;19cm
    
    
    ISBN 7-80022-590-9:CNY16.00
    本书内容共分为:电工基本知识、常用电工仪表的使用、电气照明等7部分。
●
相关链接 在E读中查询图书 在五车中查询图书 在当当中查询图书 在豆瓣中查询图书


正题名:实用电工问答     索取号:TM0/JY3         预约/预借

序号 登录号 条形码 馆藏地/架位号 状态 备注
1 7862200   278622000   学院路分馆/ [索取号:TM0/JY3] 在馆    
唐山师范学院图书馆 欢迎您!
大连网信软件有限公司© 版权所有